Youth ministry: (Record no. 12494)

000 -LEADER
fixed length control field 00832nam a2200217 a 4500
001 - CONTROL NUMBER
control field :::00010296$&:&@@
003 - CONTROL NUMBER IDENTIFIER
control field OkBaRHE
005 - DATE AND TIME OF LATEST TRANSACTION
control field 20000607103357.0
008 - FIXED-LENGTH DATA ELEMENTS--GENERAL INFORMATION
fixed length control field s1985 j 000 0 eng u
040 ## - CATALOGING SOURCE
Transcribing agency
100 1# - MAIN ENTRY--PERSONAL NAME
Personal name Richards, Larry O., 1931-
245 10 - TITLE STATEMENT
Title Youth ministry:
Remainder of title its renewal in the local church.
250 ## - EDITION STATEMENT
Edition statement Rev. ed.
260 ## - PUBLICATION, DISTRIBUTION, ETC. (IMPRINT)
Place of publication, distribution, etc Grand Rapids, MI., :
Name of publisher, distributor, etc Ministry Resources Library
Date of publication, distribution, etc c1985
300 ## - PHYSICAL DESCRIPTION
Extent xii, 320 p. : illus. ;
Dimensions 25 cm.
650 ## - SUBJECT ADDED ENTRY--TOPICAL TERM
Topical term or geographic name as entry element Church Work with Youth
942 ## - ADDED ENTRY ELEMENTS (KOHA)
Source of classification or shelving scheme
Koha item type Books
Copies
Lost status Not for loan Date last seen Date acquired Barcode Permanent Location Price effective from Koha item type Shelving location Withdrawn status Copy number Source of classification or shelving scheme Full call number Damaged status
  2010-04-142010-04-1410296RHEMA Bible Training College2010-04-14BooksGeneral Stacks 1 BV 4447 .R46 
  2010-04-142010-04-1415202RHEMA Bible Training College2010-04-14BooksGeneral Stacks 2 BV 4447 .R46 
  2010-04-142010-04-1419747RHEMA Bible Training College2010-04-14BooksGeneral Stacks 3 BV 4447 .R46